[Event "50th Rilton Cup 2022-23"]
[Site "Stockholm SWE"]
[Date "2023.01.02"]
[Round "6.24"]
[White "Ram, Aravind L N"]
[Black "Percivaldi, Martin"]
[Result "1-0"]
[WhiteTitle "FM"]
[BlackTitle "IM"]
[WhiteElo "2272"]
[BlackElo "2412"]
[WhiteFideId "25033760"]
[BlackFideId "1508148"]
[EventDate "2022.12.27"]

1. e4 e5 2. Nf3 Nc6 3. Bb5 a6 4. Ba4 Nf6 5. d3 d6 6. c3 Be7 7. O-O O-O 8. Re1
Re8 9. d4 b5 10. Bb3 exd4 11. Ng5 Rf8 12. cxd4 Bg4 13. f3 Bc8 14. f4 Bg4 15. Qd3
h6 16. Nxf7 Rxf7 17. Bxf7+ Kxf7 18. d5 Na5 19. Nc3 b4 20. Nd1 c6 21. Ne3 Qd7 22.
h3 Bh5 23. e5 dxe5 24. fxe5 cxd5 25. exf6 Bxf6 26. Qxd5+ Qxd5 27. Nxd5 Bd4+ 28.
Be3 Bxb2 29. Rab1 Nc4 30. Nb6 Nxb6 31. Rxb2 Nd5 32. Bc5 a5 33. Re5 Nf6 34. Bb6
a4 35. Rxb4 Bd1 36. Rd4 Bc2 37. Rc5 Be4 38. Bd8 Bb1 39. Rc7+ Kg6 40. Bxf6 Kxf6
41. a3 Ba2 42. Rd6+ Be6 43. Rcc6 Re8 44. Rd4 Ke5 45. Rxa4 Bd7 46. Ra5+ Kf4 47.
Rc4+ Kg3 48. Rc3+ 1-0

[Event "50th Rilton Cup 2022-23"]
[Site "Stockholm SWE"]
[Date "2023.01.02"]
[Round "6.25"]
[White "Bai, Adelard"]
[Black "Lindberg, Bengt"]
[Result "0-1"]
[WhiteTitle "FM"]
[BlackTitle "IM"]
[WhiteElo "2411"]
[BlackElo "2349"]
[WhiteFideId "16301188"]
[BlackFideId "1700359"]
[EventDate "2022.12.27"]

1. d4 Nf6 2. c4 e6 3. Nf3 d5 4. g3 Be7 5. Bg2 O-O 6. Nc3 Ne4 7. O-O f5 8. Ne5 c6
9. f3 Nd6 10. c5 Nf7 11. Nxf7 Rxf7 12. b4 b6 13. Qc2 Nd7 14. a3 e5 15. e3 bxc5
16. dxc5 Ba6 17. Rd1 Bc4 18. Kh1 a5 19. Bd2 Qc8 20. Be1 Qa6 21. Rab1 Bf8 22. Qf2
e4 23. f4 Nf6 24. Kg1 g6 25. h3 Rb7 26. Bf1 Bxf1 27. Qxf1 Qxf1+ 28. Kxf1 axb4
29. axb4 Kf7 30. Ne2 Ne8 31. Nd4 Ra6 32. Bc3 Nc7 33. Ra1 Rxa1 34. Rxa1 Bg7 35.
Nxc6 Bxc3 36. Rc1 Bf6 37. Ke2 Ke8 38. Kd2 Rb5 39. Rb1 Na6 40. Rb3 Kd7 41. Ra3
Nc7 42. Na5 Rxb4 43. Ra2 Rb2+ 44. Rxb2 Bxb2 45. Kc2 Ba3 46. c6+ Kd6 47. Kb3 Bc1
48. Nb7+ Kxc6 49. Nd8+ Kd7 50. Nf7 Bxe3 51. Ng5 h5 52. Nf7 Ke7 53. Ne5 Kf6 0-1

[Event "50th Rilton Cup 2022-23"]
[Site "Stockholm SWE"]
[Date "2023.01.02"]
[Round "6.26"]
[White "Kalogridis, Antonios"]
[Black "Souleidis, Georgios"]
[Result "1/2-1/2"]
[WhiteTitle "FM"]
[BlackTitle "IM"]
[WhiteElo "2293"]
[BlackElo "2410"]
[WhiteFideId "25833901"]
[BlackFideId "4206827"]
[EventDate "2022.12.27"]

1. d4 d5 2. c4 e6 3. Nc3 c5 4. cxd5 cxd4 5. Qa4+ Bd7 6. Qxd4 exd5 7. Qxd5 Nf6 8.
Qd1 Bc5 9. Nf3 O-O 10. e3 Qe7 11. Be2 Rd8 12. O-O Nc6 13. Qb3 a6 14. Bd2 Be6 15.
Qc2 Nb4 16. Qb1 Bg4 17. Rd1 g6 18. e4 Bxf3 19. Bxf3 Nd3 20. Be3 Ne5 21. Bxc5
Nxf3+ 22. gxf3 Qxc5 23. Qc1 Rxd1+ 24. Nxd1 Qe5 25. Nc3 b5 26. a3 Rd8 27. Qe3 Nh5
28. Nd5 Qxb2 29. Rd1 Qe5 30. Qb6 Rc8 31. Qxa6 Rc1 32. Rxc1 Qg5+ 33. Kf1 Qxc1+
34. Kg2 Qg5+ 35. Kf1 Qc1+ 36. Kg2 Qg5+ 37. Kh3 Kg7 38. Qb6 h6 39. Qd4+ Kh7 40.
Qa7 Kg7 41. Qd4+ Kh7 42. Qa7 Kg7 43. Qb8 Kh7 44. Qa7 1/2-1/2

[Event "50th Rilton Cup 2022-23"]
[Site "Stockholm SWE"]
[Date "2023.01.02"]
[Round "6.27"]
[White "Derakhshani, Borna"]
[Black "Adithya A Chullikkad"]
[Result "1/2-1/2"]
[WhiteTitle "FM"]
[BlackTitle "CM"]
[WhiteElo "2400"]
[BlackElo "2206"]
[WhiteFideId "12518450"]
[BlackFideId "45078734"]
[EventDate "2022.12.27"]

1. Nf3 Nf6 2. c4 e6 3. b3 b6 4. g3 Bb7 5. Bg2 c5 6. Bb2 Be7 7. O-O O-O 8. d4
cxd4 9. Qxd4 Nc6 10. Qf4 Qb8 11. Nc3 Qxf4 12. gxf4 Rfd8 13. Rfd1 Rac8 14. Nd4 d5
15. cxd5 Nxd4 16. Rxd4 Nxd5 17. Nxd5 Bxd5 18. Bxd5 Bf6 19. Bxe6 Bxd4 20. Bxc8
Bxb2 21. Rb1 Rd2 22. Ba6 Ba3 23. Kg2 Kf8 24. b4 Rxa2 25. Bc4 Rc2 26. Bd3 Rc7 27.
Kf3 h6 28. Rb3 Bc1 29. b5 Bd2 30. Rb2 Ba5 31. Ra2 Bb4 32. Ra4 Bc5 33. Be4 Re7
34. Bc6 f5 35. Ra2 g5 36. e3 Rc7 37. Ra4 Kg7 38. h3 Kf6 39. fxg5+ hxg5 40. h4
gxh4 41. Rxh4 Kg7 42. Ra4 Kg6 43. Ra1 Kf6 44. Ke2 Rh7 45. Rd1 Rc7 46. Rd8 Be7
47. Rh8 Bc5 48. Kf3 Rg7 49. Be8 Rc7 50. Rh6+ Kg7 51. Rg6+ Kf8 52. Bc6 Kf7 53.
Rh6 Kg7 54. Rh5 Kf6 55. Rh8 Kg7 56. Rd8 Kf6 57. Kf4 Rg7 58. Rd5 Rg4+ 59. Kf3 Rg7
60. Bd7 Rg5 61. Kf4 Rg4+ 62. Kf3 Rg5 63. Bc6 Rg7 64. Ba8 Ke6 65. Rd8 Bd6 66. Bc6
Rh7 67. Re8+ Re7 68. Rh8 Rg7 69. Rh6+ Ke7 70. Bd5 Rg5 71. Rh7+ Kf6 72. Rxa7 Rg1
73. Bc6 Rb1 74. Rh7 Kg6 75. Rd7 Bc5 76. Rd5 Rg1 77. Bd7 Rg5 78. Rd1 Kf6 79. Ke2
Rg2 80. Bc8 f4 81. Kf3 Rh2 82. Kxf4 Rxf2+ 83. Ke4 Rb2 84. Bd7 Rb4+ 85. Kf3 Rb3
86. Re1 Ke5 87. Bc6 Ra3 88. Re2 Rc3 89. Kf2 Rxe3 1/2-1/2

[Event "50th Rilton Cup 2022-23"]
[Site "Stockholm SWE"]
[Date "2023.01.02"]
[Round "6.28"]
[White "Aditya, Mittal"]
[Black "Priyanka, K"]
[Result "1-0"]
[WhiteTitle "IM"]
[BlackTitle "WIM"]
[WhiteElo "2479"]
[BlackElo "2146"]
[WhiteFideId "35042025"]
[BlackFideId "5082986"]
[EventDate "2022.12.27"]

1. d4 Nf6 2. c4 c5 3. d5 b5 4. cxb5 a6 5. bxa6 g6 6. Nc3 Bg7 7. e4 O-O 8. a7
Rxa7 9. Nf3 e6 10. Be2 exd5 11. exd5 d6 12. O-O Na6 13. Nb5 Rd7 14. Bc4 Bb7 15.
Qb3 Qa8 16. Rd1 Nb4 17. Bf4 Rfd8 18. Nc3 Ba6 19. a3 Bxc4 20. Qxc4 Qa6 21. Nd2
Qxc4 22. Nxc4 Nc2 23. Rac1 Nd4 24. b4 cxb4 25. axb4 Nh5 26. Bxd6 Rxd6 27. Nxd6
Rxd6 28. Ne4 Rd8 29. Rc4 Rxd5 30. Rc8+ Bf8 31. Kf1 f5 32. Ng5 Ng7 33. b5 h6 34.
Nf3 Nge6 35. Nxd4 Nxd4 36. b6 Rb5 37. Rxd4 Rxb6 38. Rd7 Re6 39. h4 h5 40. Rb7
Rf6 41. Rcc7 Bh6 42. Ke2 f4 43. Kf3 Bf8 44. Rc8 Kh8 45. Rbb8 Kg7 46. Rxf8 Rxf8
47. Rxf8 Kxf8 48. Kxf4 Kf7 49. Kg5 Kg7 50. f4 Kh7 51. Kf6 Kh6 52. g3 Kh7 53. Kf7
Kh6 54. Kg8 1-0

[Event "50th Rilton Cup 2022-23"]
[Site "Stockholm SWE"]
[Date "2023.01.02"]
[Round "6.29"]
[White "Srinath, Rao S.V."]
[Black "Krasenkow, Michal"]
[Result "0-1"]
[WhiteTitle "IM"]
[BlackTitle "GM"]
[WhiteElo "2296"]
[BlackElo "2541"]
[WhiteFideId "5028876"]
[BlackFideId "1113100"]
[EventDate "2022.12.27"]

1. d4 Nf6 2. Bf4 g6 3. Nc3 d5 4. e3 Bg7 5. h4 h5 6. Be2 O-O 7. Nf3 c5 8. Ne5 Qa5
9. Qd2 Nc6 10. a3 Bf5 11. O-O Rac8 12. Nxc6 Rxc6 13. Be5 cxd4 14. exd4 Rfc8 15.
Bf3 e6 16. Rfe1 Nd7 17. Bxg7 Kxg7 18. g3 Qd8 19. Be2 Nb6 20. a4 Nc4 21. Bxc4
Rxc4 22. a5 Qf6 23. Re5 a6 24. Ra3 Bh3 25. f4 Qd8 26. Kf2 b5 27. axb6 Qxb6 28.
Rb3 Rxd4 29. Rxb6 Rxd2+ 30. Re2 Rxe2+ 31. Kxe2 Bf5 32. Ke3 Rc4 33. Ne2 Rxc2 34.
Rb7 Bg4 35. Nd4 Rg2 36. Nc6 Rxg3+ 37. Kd4 Rf3 38. Ke5 Re3+ 39. Kd6 Re4 40. f5
Bxf5 41. Ne5 g5 42. hxg5 Bg6 43. Rb8 h4 44. Nd7 Rg4 45. Ke7 Rxg5 46. Nf6 Rf5 0-1

[Event "50th Rilton Cup 2022-23"]
[Site "Stockholm SWE"]
[Date "2023.01.02"]
[Round "6.30"]
[White "Deuer, Marius"]
[Black "Pantzar, Milton"]
[Result "0-1"]
[WhiteTitle "FM"]
[BlackTitle "IM"]
[WhiteElo "2324"]
[BlackElo "2465"]
[WhiteFideId "16236432"]
[BlackFideId "1721003"]
[EventDate "2022.12.27"]

1. d4 d5 2. c4 e6 3. Nc3 Nf6 4. cxd5 exd5 5. Bg5 c6 6. e3 Be7 7. Bd3 O-O 8. Nge2
h6 9. Bh4 Ne8 10. Bxe7 Qxe7 11. Qd2 Nd6 12. O-O Bf5 13. Rae1 Bxd3 14. Qxd3 Nd7
15. Ng3 f5 16. f3 Rae8 17. e4 fxe4 18. fxe4 Rxf1+ 19. Qxf1 dxe4 20. Ngxe4 Rf8
21. Qe2 Nb6 22. Nc5 Qh4 23. Rd1 Re8 24. Qf2 Qe7 25. b3 Rf8 26. Qd2 Nd5 27. Nxd5
cxd5 28. Qe1 Qf7 29. Qe6 Qxe6 30. Nxe6 Rc8 31. Nc5 b6 32. Nd3 Rc2 33. Nb4 Rb2
34. h3 Nf5 35. Rd3 Nh4 36. Rg3 Rd2 37. Nxd5 Rxa2 38. Ne7+ Kf7 39. Nc6 g5 40. d5
Rd2 41. Nxa7 Rxd5 42. b4 Rd1+ 43. Kh2 Rb1 44. Nc6 Kf6 45. Rd3 Rb2 46. Rd6+ Kg7
47. Rd7+ Kf8 48. Rd8+ Kf7 49. Rd7+ Ke6 50. Rh7 Kd5 51. Rxh6 Rxg2+ 52. Kh1 Rc2
53. Ne7+ Ke4 54. Re6+ Kf4 55. Ng6+ Kg3 56. Nxh4 Rc1+ 0-1

[Event "50th Rilton Cup 2022-23"]
[Site "Stockholm SWE"]
[Date "2023.01.02"]
[Round "6.31"]
[White "Zumsande, Martin"]
[Black "Bellon Lopez, Juan Manuel"]
[Result "1/2-1/2"]
[WhiteTitle "IM"]
[BlackTitle "GM"]
[WhiteElo "2465"]
[BlackElo "2314"]
[WhiteFideId "4651324"]
[BlackFideId "2200031"]
[EventDate "2022.12.27"]

1. e4 c5 2. c3 Nf6 3. e5 Nd5 4. d4 Nc6 5. f4 cxd4 6. cxd4 d6 7. Nf3 Bf5 8. Bc4
dxe5 9. Nxe5 e6 10. O-O Rc8 11. Nxc6 bxc6 12. Nc3 Be7 13. Nxd5 exd5 14. Bd3 Bxd3
15. Qxd3 O-O 16. Bd2 Qb6 17. Bc3 Bf6 18. Rad1 Rfe8 19. Rfe1 h6 20. Kf1 Qb5 21.
Re2 Rxe2 22. Kxe2 Re8+ 23. Kf3 Qa4 24. a3 Re4 25. g3 g6 26. Kg2 Bg7 27. Rd2 h5
28. f5 g5 29. f6 Bxf6 30. Qf3 Re6 31. Qxh5 Qc4 32. Qf3 Kf8 33. Rf2 Ke8 34. Bb4
Kd7 35. Bc5 Qc1 36. Qb3 Qe1 37. Qb7+ Ke8 38. h3 Qe4+ 39. Kh2 Qe1 40. Rg2 g4 41.
Qc8+ Bd8 42. h4 Qf1 43. Bb4 Qb5 44. b3 Qb6 45. Bd2 Qc7 46. Qa8 Kf8 47. Bf4 Qd7
48. Qb8 Kg7 49. Rf2 Bf6 50. Be5 Bxe5 51. dxe5 Re8 52. Qb4 Rxe5 53. Qd4 Qe6 54.
Qxa7 Re2 55. Qd4+ f6 56. a4 Rxf2+ 57. Qxf2 c5 58. Qxc5 Qe2+ 59. Kg1 Qd1+ 60. Kh2
Qe2+ 61. Kg1 Qd1+ 62. Kh2 Qe2+ 63. Kg1 Qd1+ 64. Kh2 1/2-1/2

[Event "50th Rilton Cup 2022-23"]
[Site "Stockholm SWE"]
[Date "2023.01.02"]
[Round "6.32"]
[White "Falkevall, Axel"]
[Black "Sardana, Rishi"]
[Result "0-1"]
[WhiteTitle "FM"]
[BlackTitle "IM"]
[WhiteElo "2287"]
[BlackElo "2460"]
[WhiteFideId "1735560"]
[BlackFideId "25004301"]
[EventDate "2022.12.27"]

1. d4 Nf6 2. c4 e6 3. g3 d5 4. Bg2 Bb4+ 5. Nd2 O-O 6. Nf3 b6 7. O-O Bb7 8. a3
Be7 9. cxd5 exd5 10. b4 a5 11. b5 c5 12. Bb2 a4 13. Rb1 Nbd7 14. e3 c4 15. Nh4
Ra7 16. Nf5 Re8 17. Nxe7+ Qxe7 18. Ra1 Qe6 19. Bc3 Ne4 20. Qc2 Ndf6 21. Rab1 Ng5
22. Rbe1 Nh3+ 23. Kh1 Ne4 24. Nxe4 dxe4 25. Qe2 Ng5 26. Qh5 h6 27. d5 Bxd5 28.
Rd1 Rd7 29. Rd4 Red8 30. Rfd1 Bb7 31. Rc1 Rxd4 32. Bxd4 Rd5 33. Qd1 Nf3 34. Bxf3
exf3 35. Qf1 Rxb5 36. h4 Rb3 37. Kh2 b5 38. Rc3 Bc8 39. Rxb3 cxb3 40. Bb2 f6 41.
Kg1 Qd5 42. Qe1 Be6 43. Kh2 Qf5 44. Kg1 Bc4 45. Kh2 Qd3 46. Bc3 h5 47. Kg1 b4
48. Bb2 bxa3 49. Bxa3 Kf7 50. Bb2 Ke6 51. Qc1 Kd5 52. Qe1 Ke4 53. Qa1 Qf1+ 54.
Qxf1 Bxf1 55. Kxf1 Kd3 0-1

[Event "50th Rilton Cup 2022-23"]
[Site "Stockholm SWE"]
[Date "2023.01.02"]
[Round "6.33"]
[White "Ostlund, Joar"]
[Black "Akesson, Ralf"]
[Result "0-1"]
[WhiteTitle "CM"]
[BlackTitle "GM"]
[WhiteElo "2212"]
[BlackElo "2404"]
[WhiteFideId "1735020"]
[BlackFideId "1700120"]
[EventDate "2022.12.27"]

1. d4 Nf6 2. c4 e6 3. Nf3 d5 4. Nc3 Be7 5. Bf4 O-O 6. e3 Nbd7 7. c5 Nh5 8. Bd3
Nxf4 9. exf4 c6 10. Qc2 h6 11. O-O b6 12. b4 a5 13. a3 Qc7 14. g3 Bf6 15. Na4
Ra7 16. Rfc1 Bb7 17. cxb6 Nxb6 18. Nxb6 Qxb6 19. Qc5 Qxc5 20. bxc5 g5 21. Rab1
Bd8 22. Rb3 f6 23. Rcb1 Bc8 24. Re1 gxf4 25. gxf4 Rg7+ 26. Kh1 Bc7 27. f5 e5 28.
dxe5 fxe5 29. Nxe5 Bxf5 30. f4 a4 31. Bxf5 axb3 32. Be6+ Kh7 33. Nxc6 Rxf4 34.
Ne7 Rxe7 35. Bf5+ Rxf5 36. Rxe7+ Kg6 37. Rxc7 b2 0-1

[Event "50th Rilton Cup 2022-23"]
[Site "Stockholm SWE"]
[Date "2023.01.02"]
[Round "6.34"]
[White "Kilgus, Georg"]
[Black "Lahdelma, Henri"]
[Result "1-0"]
[WhiteTitle "IM"]
[BlackTitle "FM"]
[WhiteElo "2389"]
[BlackElo "2332"]
[WhiteFideId "1606212"]
[BlackFideId "510394"]
[EventDate "2022.12.27"]

1. e4 c6 2. d4 d5 3. exd5 cxd5 4. Bd3 Nc6 5. c3 Nf6 6. Bf4 Bg4 7. Qb3 Qd7 8. Nd2
e6 9. Ngf3 Bd6 10. Bxd6 Qxd6 11. O-O O-O 12. Rfe1 Bh5 13. Ne5 Nd7 14. f4 f6 15.
Nxd7 Qxd7 16. Re3 Bf7 17. Qc2 g6 18. Rae1 Rfc8 19. Qd1 Qd6 20. Qg4 Qf8 21. Qh4
Qg7 22. g4 Rab8 23. g5 f5 24. Qf2 Nd8 25. a4 Be8 26. Bb5 Bxb5 27. axb5 a6 28.
Nb3 b6 29. bxa6 Qd7 30. Ra1 Rc4 31. Ree1 Ra8 32. Ra2 Rc7 33. Ra3 Rca7 34. Qe2
Qc7 35. Qf1 h6 36. gxh6 Qh7 37. Re3 Qxh6 38. Rh3 Qf8 39. Nc1 Rg7 40. Nd3 Nf7 41.
Qe2 Qc8 42. Ne5 Nxe5 43. Qxe5 b5 44. Qd6 Kf7 45. Kf2 Kf6 46. Qe5+ Kf7 47. Ra5
Qd7 48. Rh6 Qc6 49. h4 b4 50. Rc5 1-0

[Event "50th Rilton Cup 2022-23"]
[Site "Stockholm SWE"]
[Date "2023.01.02"]
[Round "6.35"]
[White "Trost, Edvin"]
[Black "Kononenko, Dmitry2"]
[Result "1/2-1/2"]
[WhiteTitle "FM"]
[BlackTitle "FM"]
[WhiteElo "2380"]
[BlackElo "2301"]
[WhiteFideId "1729519"]
[BlackFideId "14113538"]
[EventDate "2022.12.27"]

1. e4 c6 2. d4 d5 3. e5 Bf5 4. g4 Be4 5. f3 Bg6 6. e6 fxe6 7. h4 e5 8. h5 Bf7 9.
dxe5 e6 10. f4 Nd7 11. Nf3 Bc5 12. Ng5 Nh6 13. Nxf7 Nxf7 14. Nd2 Qb6 15. Qe2 Qb4
16. c4 Nb6 17. Kd1 dxc4 18. Nxc4 O-O-O+ 19. Kc2 Rd4 20. Nxb6+ Bxb6 21. a3 Qa4+
22. Kb1 Rhd8 23. Qc2 Qxc2+ 24. Kxc2 Nh6 25. Be2 Re4 26. Bf3 Rc4+ 27. Kb1 Bf2 28.
Bd1 Rcd4 29. Bb3 Re8 30. f5 exf5 31. Bxh6 gxh6 32. gxf5 Rxe5 33. Rf1 Rf4 34.
Be6+ Kc7 35. Kc2 Re2+ 36. Kb1 Be3 37. Rxf4 1/2-1/2

[Event "50th Rilton Cup 2022-23"]
[Site "Stockholm SWE"]
[Date "2023.01.02"]
[Round "6.36"]
[White "Aarav, Dengla"]
[Black "Mertanen, Janne"]
[Result "1-0"]
[WhiteTitle "FM"]
[BlackTitle "FM"]
[WhiteElo "2357"]
[BlackElo "2269"]
[WhiteFideId "45059756"]
[BlackFideId "501875"]
[EventDate "2022.12.27"]

1. e4 c5 2. Nf3 e6 3. d4 cxd4 4. Nxd4 Nc6 5. Nc3 Qc7 6. Be3 a6 7. g4 b5 8. Nxc6
dxc6 9. Qd2 e5 10. f3 Nf6 11. a4 b4 12. Nd1 Be6 13. b3 a5 14. Nb2 Be7 15. Bc4
O-O 16. Qf2 Nd7 17. O-O-O c5 18. Bxe6 fxe6 19. Nc4 Nb6 20. Nxb6 Qxb6 21. Rd7 Rf7
22. Rxe7 Rxe7 23. Bxc5 Qb7 24. Bxe7 Qxe7 25. Rd1 Qc7 26. Rd3 Rc8 27. Qd2 h6 28.
Rd6 Kh7 29. Rxe6 Rd8 30. Rc6 Qe7 31. Qe3 Qd7 32. Qc5 Qd2+ 33. Kb2 Qf4 34. Rd6
Re8 35. Qc6 Rf8 36. Rd3 Qxh2 37. Qc5 Rf6 38. Qb5 Rf8 39. Qc5 Rf6 40. Qc7 Qg3 41.
Qxa5 Rxf3 42. Rxf3 Qxf3 43. Qxe5 1-0

[Event "50th Rilton Cup 2022-23"]
[Site "Stockholm SWE"]
[Date "2023.01.02"]
[Round "6.37"]
[White "Koykka, Pekka"]
[Black "Dobrikov, Marco"]
[Result "0-1"]
[WhiteTitle "IM"]
[BlackTitle "FM"]
[WhiteElo "2351"]
[BlackElo "2228"]
[WhiteFideId "504319"]
[BlackFideId "12950378"]
[EventDate "2022.12.27"]

1. d4 Nf6 2. c4 g6 3. Nc3 Bg7 4. e4 d6 5. h3 O-O 6. Bg5 Na6 7. Bd3 e5 8. d5 Nc5
9. Bc2 a5 10. Nge2 c6 11. Qd2 cxd5 12. Nxd5 Nfxe4 13. Bxe4 Nxe4 14. Bxd8 Nxd2
15. Be7 Nxc4 16. Bxf8 Bxf8 17. b3 Na3 18. Nb6 Rb8 19. O-O-O Nb5 20. Rd5 Nc7 21.
Rxa5 Be6 22. Kb2 d5 23. Rc1 Bb4 24. Ra7 Na6 25. Ra8 Rxa8 26. Nxa8 Bd2 27. Rc2
Ba5 28. Nc3 Nb4 29. Re2 d4 30. Nb5 Bd7 31. Nac7 d3 32. Rd2 e4 33. Rd1 Bb6 34.
Rd2 Bxf2 35. Rxf2 e3 36. Rf1 e2 0-1

[Event "50th Rilton Cup 2022-23"]
[Site "Stockholm SWE"]
[Date "2023.01.02"]
[Round "6.38"]
[White "Van Dael, Siem"]
[Black "Muetsch, Annmarie"]
[Result "1/2-1/2"]
[WhiteTitle "FM"]
[BlackTitle "WIM"]
[WhiteElo "2345"]
[BlackElo "2251"]
[WhiteFideId "1049771"]
[BlackFideId "12971367"]
[EventDate "2022.12.27"]

1. h4 d5 2. d4 Nf6 3. Bf4 c5 4. c3 Qb6 5. Qb3 cxd4 6. Qxb6 axb6 7. Bxb8 Rxb8 8.
cxd4 e6 9. Nc3 Bb4 10. e3 Bd7 11. Ne2 Ke7 12. f3 Ra8 13. a3 Bd6 14. Nc1 h6 15.
h5 Bc6 16. Kf2 Nd7 17. e4 Rhc8 18. e5 Bc7 19. g4 b5 20. Nb3 Bb6 21. Re1 f6 22.
f4 Rf8 23. Kg3 fxe5 24. fxe5 Ra4 25. Bxb5 Rxd4 26. Nxd4 Bxd4 27. Rb1 Bxe5+ 28.
Kg2 Rf4 29. Bxc6 Rxg4+ 30. Kf2 bxc6 31. Ne2 Nf6 32. Kf3 Ra4 33. Ke3 Kd6 34. Rh3
c5 35. Kd2 d4 36. Rf3 Nxh5 37. b4 c4 38. b5 Nf6 39. b6 Nd7 40. b7 Kd5 41. Rf7
Nb8 42. Rf8 Rxa3 43. Rb5+ Ke4 44. Rxe5+ Kxe5 45. Rxb8 Ra2+ 46. Kd1 Ra1+ 47. Kd2
Ra2+ 48. Ke1 d3 49. Rd8 Rxe2+ 50. Kd1 Rb2 51. b8=Q+ Rxb8 52. Rxb8 c3 53. Rc8 Kd4
54. Rd8+ Ke4 55. Rc8 1/2-1/2

[Event "50th Rilton Cup 2022-23"]
[Site "Stockholm SWE"]
[Date "2023.01.02"]
[Round "6.39"]
[White "Vagman, Roy"]
[Black "Sarkar, Justin"]
[Result "1-0"]
[WhiteTitle "FM"]
[BlackTitle "IM"]
[WhiteElo "2255"]
[BlackElo "2343"]
[WhiteFideId "2828995"]
[BlackFideId "2010011"]
[EventDate "2022.12.27"]

1. e4 c5 2. Nf3 d6 3. Bb5+ Nd7 4. Ba4 Nf6 5. O-O e6 6. d3 Be7 7. c4 O-O 8. Nc3
b6 9. Qe2 Bb7 10. h3 Rc8 11. Bf4 a6 12. Bh2 Qc7 13. Rac1 Ne5 14. Nxe5 dxe5 15.
f4 exf4 16. Bxf4 e5 17. Bg3 g6 18. Nd5 Nxd5 19. exd5 f6 20. Rce1 b5 21. Bb3 bxc4
22. dxc4 Bd6 23. Ba4 Rf7 24. h4 Rcf8 25. h5 Bc8 26. Bc2 Rg7 27. Bh4 f5 28. Bg5
e4 29. h6 Rgf7 30. Qf2 Bh2+ 31. Kh1 Bg3 32. Bf4 Bxf4 33. Qxf4 Qxf4 34. Rxf4 g5
35. Rf2 Rf6 36. b4 Re8 37. bxc5 e3 38. Rff1 f4 39. c6 g4 40. Bd1 Re5 41. Kg1 Rh5
42. Rxe3 Kf7 43. Re4 f3 44. gxf3 g3 45. Rfe1 Rfxh6 46. Re7+ 1-0

[Event "50th Rilton Cup 2022-23"]
[Site "Stockholm SWE"]
[Date "2023.01.02"]
[Round "6.40"]
[White "Delgerdalai, Bayarjavkhlan"]
[Black "Miezis, Normunds"]
[Result "0-1"]
[BlackTitle "GM"]
[WhiteElo "2100"]
[BlackElo "2441"]
[WhiteFideId "23727276"]
[BlackFideId "11600136"]
[EventDate "2022.12.27"]

1. e4 c5 2. Nf3 e6 3. d4 cxd4 4. Nxd4 a6 5. c4 Qc7 6. Nc3 Nf6 7. Be2 b6 8. Be3
Bb7 9. f3 Nc6 10. Qd2 h5 11. Nxc6 dxc6 12. O-O-O Be7 13. f4 Bb4 14. Qc2 c5 15.
e5 Bxc3 16. Qxc3 Ng4 17. h3 Nh6 18. Rhg1 h4 19. Bd3 O-O-O 20. Rd2 Nf5 21. Bxf5
exf5 22. g4 Be4 23. gxf5 Bxf5 24. Rxg7 Qc6 25. b3 Rxd2 26. Bxd2 Qe4 27. Kb2 Rd8
28. Ka3 Rd3 29. Qc1 Qd4 30. Rxf7 Rxd2 31. Rxf5 b5 32. Qb1 Qd7 33. Rf8+ Kc7 34.
cxb5 axb5 35. b4 Rd3+ 0-1

[Event "50th Rilton Cup 2022-23"]
[Site "Stockholm SWE"]
[Date "2023.01.02"]
[Round "6.41"]
[White "Vestby-Ellingsen, Mads"]
[Black "Valkama, Eero"]
[Result "1-0"]
[WhiteTitle "IM"]
[BlackTitle "FM"]
[WhiteElo "2389"]
[BlackElo "2263"]
[WhiteFideId "1520857"]
[BlackFideId "507555"]
[EventDate "2022.12.27"]

1. e4 e5 2. Nf3 Nc6 3. Bb5 a6 4. Ba4 Nf6 5. O-O Be7 6. Re1 b5 7. Bb3 d6 8. c3
O-O 9. h3 Na5 10. Bc2 c5 11. d4 Qc7 12. Nbd2 cxd4 13. cxd4 Nc6 14. Nb3 a5 15.
Be3 a4 16. Nbd2 Bd7 17. Rc1 Rac8 18. Nf1 Qb7 19. Ng3 Rfe8 20. Qd2 Bd8 21. Red1
Ba5 22. Qe2 Bb6 23. Bg5 Bd8 24. d5 Nb4 25. Bb1 Rxc1 26. Rxc1 h6 27. Bxh6 gxh6
28. Qd2 Na6 29. Qxh6 Be7 30. Ng5 Bg4 31. hxg4 Rc8 32. Rc3 Rxc3 33. bxc3 Nc7 34.
Nxf7 Kxf7 35. g5 Nce8 36. gxf6 Nxf6 37. Nf5 Bf8 38. Qd2 Qc7 39. Bd3 Qc5 40. g3
Kg6 41. Nh4+ Kf7 42. Qg5 Bg7 43. Qg6+ Kf8 44. Nf5 Ne8 45. Be2 Qc7 46. Bxb5 Nf6
47. Nxg7 Qxg7 48. Qxg7+ Kxg7 49. Bxa4 Nxe4 50. Bc6 Kf6 51. a4 Nc5 52. a5 Ke7 53.
g4 Kd8 54. g5 e4 55. g6 Ke7 56. Bb7 Nxb7 57. a6 1-0

[Event "50th Rilton Cup 2022-23"]
[Site "Stockholm SWE"]
[Date "2023.01.02"]
[Round "6.42"]
[White "Wernberg, Hugo"]
[Black "Wagh, Suyog"]
[Result "0-1"]
[WhiteTitle "FM"]
[BlackTitle "FM"]
[WhiteElo "2255"]
[BlackElo "2376"]
[WhiteFideId "1737511"]
[BlackFideId "25071688"]
[EventDate "2022.12.27"]

1. d4 Nf6 2. c4 e6 3. Nf3 b6 4. g3 Ba6 5. Nbd2 c5 6. e4 cxd4 7. e5 Ng8 8. Nxd4
Bb7 9. N2f3 d6 10. exd6 Bxd6 11. Bg2 a6 12. O-O Nf6 13. Qa4+ Nbd7 14. Rd1 Qc7
15. Ng5 Bxg2 16. Kxg2 O-O 17. Qc6 Rac8 18. Qxc7 Bxc7 19. b3 Rfe8 20. Ba3 Bb8 21.
Ngf3 Nc5 22. Rac1 Nfe4 23. Bxc5 bxc5 24. Ne2 Red8 25. Rxd8+ Rxd8 26. Nc3 Nxc3
27. Rxc3 Kf8 28. Kf1 Rd1+ 29. Ke2 Ra1 30. Rc2 Ke7 31. Ne1 a5 32. Nd3 Bd6 33. Nc1
g5 34. Kd1 g4 35. Re2 Kd7 36. Kc2 Bf8 37. Re1 h5 38. Rh1 Bh6 39. Rd1+ Kc6 40.
Kb2 Bg7+ 41. Kc2 Bh6 42. Kb2 Rxc1 43. Rxc1 Bxc1+ 44. Kxc1 a4 45. bxa4 Kb6 46.
Kc2 Ka5 47. Kb3 e5 48. Ka3 Ka6 49. Kb2 Kb6 50. Kb3 Ka5 51. Ka3 f6 52. Kb3 Ka6
53. Kc2 Kb6 54. Kd3 f5 55. Kc3 Kb7 56. Kb2 Kc7 57. Kc2 Kc6 58. Kc3 Kd6 59. Kd3
Kd7 60. Kd2 Kd8 61. Kd3 Kc8 62. Kc3 Kb8 63. Kb3 Ka8 64. Kc3 Kb7 65. Kc2 Ka7 66.
Kb2 Ka6 67. Kc2 Kb6 68. Kb2 Ka5 69. Kb3 f4 70. Kc3 Kxa4 71. Kd3 fxg3 72. fxg3
Ka3 73. Ke4 Kxa2 74. Kd5 e4 75. Kxe4 Kb3 76. Kf5 Kxc4 77. Kg5 Kd5 78. Kxh5 c4
79. Kxg4 c3 80. Kf5 c2 81. h4 c1=Q 82. h5 Qf1+ 83. Kg6 Ke6 84. g4 Qf6+ 85. Kh7
Kf7 0-1